Guía práctica : implementación de metodologías para el aislamiento, preservación y uso de hongos micorrízicos de orquídeas /

Bibliographic Details
Main Author: Ramírez Bejarano, Erika Vanessa (Author)
Format: Electronic eBook
Language:Spanish
Published: Santiago de Cali : Pontificia Universidad Javeriana Cali, 2024.
Subjects:
Online Access:Digitalia Hispánica

MARC

LEADER 00000nam a2200000 i 4500
001 DIGEPUJ0448
003 NyNyDIG
007 cr |||||||||||
008 241118s2024 ck a ob 000 0 spa d
006 m o d
035 |a (OCoLC)1473345510 
040 |a DGITA  |b eng  |e rda  |e pn  |c DGITA 
020 |a 9786287618299  |q eBook  |q pdf 
020 |z 9786287709362 
050 1 4 |a QK604.2.M92 ebook 
100 1 |a Ramírez Bejarano, Erika Vanessa,  |e author. 
245 1 0 |a Guía práctica :  |b implementación de metodologías para el aislamiento, preservación y uso de hongos micorrízicos de orquídeas /  |c Erika Vanessa Ramírez Bejarano [and 3 others]. 
264 1 |a Santiago de Cali :  |b Pontificia Universidad Javeriana Cali,  |c 2024. 
300 |a 1 online resource :  |b illustrations. 
336 |a text  |b txt  |2 rdacontent 
337 |a computer  |b c  |2 rdamedia 
338 |a online resource  |b cr  |2 rdacarrier 
347 |a text file  |2 rdaft 
347 |b PDF 
347 |b EPUB 
504 |a Includes bibliographical references. 
588 0 |a Online resource; title from PDF title page (Digitalia, viewed November 18, 2024) 
650 0 |a Mycorrhizal fungi. 
650 0 |a Orchids. 
650 0 |a Orchid culture. 
791 2 |a Digitalia (Firm),  |e distributor. 
793 0 |g Digitalia eBook Collection:  |a Pontificia Universidad Javeriana 
776 0 8 |i Print version:  |a Ramírez Bejarano, Erika Vanessa.  |t Guía práctica.  |d Santiago de Cali : Pontificia Universidad Javeriana Cali, [2024]  |z 9786287709362 
856 4 0 |3 Digitalia Hispánica  |u https://www.digitaliapublishing.com/a/159158/ 
910 |a Premium collection: 2024